00822nam a2200241 a 4500003000400000005001700004008004100021020001800062040002400080041000800104082001500112110003700127245004900164250001200213260005200225300001000277440004700287500003900334546005500373653004200428653003700470856007300507OSt20190626100918.0131031s1992 sz ||||| |||| 00| 0 eng d a92-4-157129-2 cBiblioteca Medicina aeng aOMS WA 240 aOrganizacion Mundial de la Salud00aEnvironmental Health Criteria 129: Isobenzan a1° ed. aGinebrabOrganizacion Mundial de la Saludc1992 a62 p.00aInternational Programme on Chemical Safety aBaja Depósito Caja 32 Junio 2019 aTexto en ingles, resumen y conclusion en español aINSECTICIDAS ORGANOCLORADOS-TOXICIDAD aEXPOSICION A RIESGOS AMBIENTALES yhttp://www.who.int/ipcs/publications/ehc/ehc_numerical/en/index.html